08437nas a2200493 4500001000500000005001700005022000500022245002700027260005900054300001600113310001100129500034200140500049000482500002800972505034801000505054601348505088601894505090302780505096603683650003404649650002804683999001504711952014804726952015204874952014705026952014905173952015205322952015205474952015205626952015205778952015205930952015506082952014906237952015506386952015206541952015206693952015206845952015206997952015207149952014907301952016307450952015907613952017107772351220181127171354.000a00aBhutan law review.bc00a[Thimphu] :bBhutan National Legal Institute (BNLI).c00av. ; 25 cm.00aAnnual aPARTIAL CONTENTS: (vol.1, 2013) Redefining the role of lawyers in Bhutan ; Judiciary in Bhutan: Case history of judgments ; Environmental legislation in Bhutan: Review and proposal ; Nangkha Nangdrik: To resolve internally and amicably ; Much debated tobacco law ; Missing Bhutanese nuances in Bhutanese laws: Legislative anomalies. aPARTIAL CONTENTS: (vol.111, 2015) Drukgyal Zhipa -The Visionary Dragon King: A True Patriot of the Kingdom of Bhutan / The Anxiety between Free Expression and Law of Defamation, Sangay Chedup / Can Bhutan Make Voting Compulsory? Nima Dorji / No Marriage Certificate, No Honey Moon, Ugyen Tshering / Interview with the Hon'ble Chief Justice of Bhutan / Corporal Punishment in Schools, Langa Tenzin / The Establishment of the First Bhutanese Law School in Progress, Sangay Dorji.00aBegan with Vol.1, 2013. aVol.10,2018:Preamle of the constitution -- Preface -- Exposition of the constitution kuthangs -- His magesty the King's address at the launch of the constitution -- Lyonpo Tshering Wangchuk -- Lyonpo sonam tobgye -- Michael piel -- Nima Dorji -- Yeshey Dorji -- Tshering Pem -- Lobzang rinzin Yargay&Sangay Chedup -- Jangchuk Norbu.grt aVol.5, 2016. Bhutan's WTO decision: Being penny wise, pound foolish? 00 The defense of "Fair Use" under intellectual property laws -- Delegated legislation: theory practice and application in Bhutan -- Contempt of court: A Bhutanese experience -- The Swiss Federal Intelligence Service Law -- Rights and wrongs under copyright laws -- Youth and unemployment conundrum -- The law will not protect if you sleep on your legal right -- Lamp in the darkness -- Experience as one's first teacher -- Prayers to the Gyalsey. grt aVol.6,2016. Ombudsman: Introducing a potent ADR Tool whose Time may Have Come for Bhutan Lobzang Rinzin Yargay -- The Perversities of Deemed Supply Law for Drug Trafficking in Bhutan Dechen Lhamo -- Sonam Tshering/ Gift from the Golden Throne, Tool of Common Man: Fundamental Rights and its Enforcement, Karma Tshering/ Gift from the Golden Throne, Tool of Common Man: Fundamental Rights and its Enforcement, Karma Tshering/ Judging Justice Beyond Dispute Resolution Bodies, Pema Wangchuk/ Unintentional Bias in the Courts, The Judges Book Club, Sangay Khandu/ Appeal and its Procedure, Dechen Dorj/ The Juvenile Delinquency, Pema Wangchuk/ BNLI's Perspective on Legal Education, Lingi Jamtsho/ The Powerful Fearless Lion, Sonam Eudon/ The Special Moment in My Life, Tshering Yangzom/ The Great Light: Dispelling Darkness in Bhutan and Beyond. grt aVol.8,2017. The exposition of constitutional kuthangs -- Hon'ble chief justice of Bhutan, establishment of specialized courts -- Lobzang Rinzin Yargay, the 'master of punishment' or the 'lord of justice'- the actual and perceived roles of Bhutanese judges -- Jangchuk Norbu, 50 yeras of judiciary- a brief account of major reforms -- Tenzin, amicable resolution of community disputes- appraisal of the impact and the state of mediation (nangkha nangdrig) trainings -- Garab Yeshi, arbitration in Bhutan: the role of the judiciary -- Lungten Dubgyur, a contextual legal application of a jabmi -- kinley Dorji and Kinley Namgay, the art of judgement writing -- Sangay Chedup, making and un-making of treatise: analysisng the post constitutional processes -- Kinzang Chedup, evolution of criminal justice system in Bhutan -- Kinley Choki, protection of children: right to privacy.grt aVol.9,2018. The exposition of constitutional kuthangs -- The roles of the judiciary in creating a just, civil society: a society based on justice, equality and fairness -- Lynpo Tshering Wangchuk, the critical roles of laws in a changing society -- Lynpo Sonam Tobgye, judges and judging in democratic Bhutan -- Lungten Dubgyur, a decade of judicial reforms under his majesty the king's glorious reign -- Norbu Tshering, Tshering Namgyel and Garab Yeshi, environmental justice in Bhutan: establishment of green branch at the high court -- Tharchean, ignorance of law is no excuse: empowering people through dissemination of laws -- Sangay Chedup, the constitution of kingdom if Bhutan: appraisal of its salient features on its tenth anniversary -- Sonam Tshering, right to privacy in the age of information, publicity and social media -- Bhutan national legal institutes, access to justice in Bhutan: Excerpt of the report of the survey.grt00aLaw --Bhutan --Periodicals.x00aLaw reviews --Bhutan.x c2852d2852 001040708PERIODICALSaRTCLIBbRTCLIBcPERIODICALSh2015 v.3 l0oPeriodical SERIALSp30010248r2018-11-27 00:00:00w2018-11-27yPERIODICAL 001040708PERIODICALSaRTCLIBbRTCLIBcPERIODICALSh2013 v.1 l0oPeriodical SERIALSp30010297r2018-11-27 00:00:00t1w2018-11-27yPERIODICAL 001040708PERIODICALSaRTCLIBbRTCLIBcPERIODICALSh2016 v.5 l0oPeriodical SERIALSp10416r2018-11-27 00:00:00t2w2018-11-27yPERIODICAL 001040708PERIODICALSaRTCLIBbRTCLIBcPERIODICALSh2016 v.5 l0oPeriodical SERIALSp30010317r2018-11-27 00:00:00t1w2018-11-27yPERIODICAL 001040708PERIODICALSaRTCLIBbRTCLIBcPERIODICALSh2016 v.6 l0oPeriodical SERIALSp30010078r2018-11-27 00:00:00t1w2018-11-27yPERIODICAL 001040708PERIODICALSaRTCLIBbRTCLIBcPERIODICALSh2016 v.6 l0oPeriodical SERIALSp30010285r2018-11-27 00:00:00t2w2018-11-27yPERIODICAL 001040708PERIODICALSaRTCLIBbRTCLIBcPERIODICALSh2013 v.1 l0oPeriodical SERIALSp30010293r2018-11-27 00:00:00t2w2018-11-27yPERIODICAL 001040708PERIODICALSaRTCLIBbRTCLIBcPERIODICALSh2013 v.1 l0oPeriodical SERIALSp30010323r2018-11-27 00:00:00t3w2018-11-27yPERIODICAL 001040708PERIODICALSaRTCLIBbRTCLIBcPERIODICALSh2016 v.6 l0oPeriodical SERIALSp30010299r2018-11-27 00:00:00t3w2018-11-27yPERIODICAL 00102ddc40708STORAGEaRTCLIBbRTCLIBcSTORAGEd2021-09-27h2017 v.8 oPeriodical SERIALSp30012239r2018-11-27 00:00:00t2w2018-06-08ySTORAGE 001040708PERIODICALSaRTCLIBbRTCLIBcPERIODICALSh2017 v.8 l0oPeriodical SERIALSp30012806r2018-11-27 00:00:00w2018-11-27yPERIODICAL 00102ddc40708STORAGEaRTCLIBbRTCLIBcSTORAGEd2021-09-27h2018 v.9 oPeriodical SERIALSp30012821r2018-11-27 00:00:00t1w2018-11-27ySTORAGE 001040708PERIODICALSaRTCLIBbRTCLIBcPERIODICALSh2018 v.9 l0oPeriodical SERIALSp30011839r2018-11-27 00:00:00t2w2018-11-27yPERIODICAL 001040708PERIODICALSaRTCLIBbRTCLIBcPERIODICALSh2018 v.9 l0oPeriodical SERIALSp30012803r2018-11-27 00:00:00t4w2018-06-12yPERIODICAL 001040708PERIODICALSaRTCLIBbRTCLIBcPERIODICALSh2017 v.8 l0oPeriodical SERIALSp30012920r2018-11-27 00:00:00t4w2018-06-12yPERIODICAL 001040708PERIODICALSaRTCLIBbRTCLIBcPERIODICALSh2017 v.8 l0oPeriodical SERIALSp30012929r2018-11-27 00:00:00t3w2018-06-12yPERIODICAL 001040708PERIODICALSaRTCLIBbRTCLIBcPERIODICALSh2018 v.9 l0oPeriodical SERIALSp30012772r2018-11-27 00:00:00t3w2018-06-12yPERIODICAL 001040708PERIODICALSaRTCLIBbRTCLIBcPERIODICALSh2018 v.X l0oPeriodical SERIALSp30013420r2018-11-27 00:00:00w2018-11-27yPERIODICAL 00102ddc40708PERIODICALSaRTCLIBbRTCLIBcPERIODICALSd2019-03-26h2018 v.XIl0oPeriodical serialsp30013075r2019-03-26 00:00:00w2019-03-26yPERIODICAL 00102ddc40708PERIODICALSaRTCLIBbRTCLIBcPERIODICALSd2020-03-31h14540l0oPeriodicals Serialsp30014614r2020-03-31 00:00:00w2020-03-31yREFERENCE 00102ddc40708PERIODICALSaRTCLIBbRTCLIBcPERIODICALSd2021-03-02h2020 v. ivi14876l0oPeriodical Serialsp30014051r2021-03-02 00:00:00w2021-03-02yPERIODICAL